Normal view
MARC view
- Tubes
Entry Topical Term
001 - CONTROL NUMBER
- control field: 40951
003 - CONTROL NUMBER IDENTIFIER
- control field: NUST
005 - DATE AND TIME OF LATEST TRANSACTION
- control field: 20210314131926.0
008 - FIXED-LENGTH DATA ELEMENTS
- fixed length control field: 210314|| aca||aabn | a|a d
040 ## - CATALOGING SOURCE
- Original cataloging agency: NUST
- Transcribing agency: NUST
150 ## - HEADING--TOPICAL TERM
- Topical term or geographic name entry element: Tubes
670 ## - SOURCE DATA FOUND
- Source citation: Work cat.: (NUST): Copper Development Association. 40948, The strength of copper tubes and cylinders;, [1956]
